| 000 | 00000nam##2200000za#4500 |
| 001 | 9.588839 |
| 003 | CaOODSP |
| 005 | 20210624195338 |
| 007 | cr ||||||||||| |
| 008 | 150406|1987||||xxc|||||o f|0| 0 eng|d |
| 040 | |aCaOODSP|beng |
| 041 | |aeng |
| 041 | |afre |
| 043 | |an-cn--- |
| 086 | 1 |aCS99-117/1987-PDF |
| 245 | 00|aCensus divisions and subdivisions, Atlantic Provinces |h[electronic resource] |
| 246 | 1 |iAdditional title (within publication) : |aGeographic reference - enumeration area reference lists |
| 260 | |aOttawa - Ontario : |bStatistics Canada |c1987. |
| 490 | 1 |aGeographic reference |v99-117 |
| 500 | |aHistorical census publication digitized by Statistics Canada. |
| 590 | |a13-07-Supp|b2013-03-25 |
| 690 | 07|aCensus|2gcpds |
| 710 | 2 |aStatistics Canada. |
| 792 | |tDivisions et subdivisions de recensement, provinces de l'Atlantique |efre|w(CaOODSP)9.588840 |
| 830 | #0|aGeographic reference ;|v99-117|w(CaOODSP)9.500699 |
| 856 | 40|ahttp://publications.gc.ca|qPDF|s2.9 MB|uhttps://publications.gc.ca/collections/collection_2013/statcan/rh-hc/CS99-117-1987.pdf|y99-117 |